| 000 -CABECERA |
| Campo de control de longitud fija |
02523nam a22003257a 4500 |
| 003 - IDENTIFICADOR DEL NÚMERO DE CONTROL |
| Campo de control |
OSt |
| 005 - FECHA Y HORA DE LA ÚLTIMA TRANSACCIÓN |
| Campo de control |
20260325094719.0 |
| 008 - CÓDIGOS DE INFORMACIÓN DE LONGITUD FIJA |
| Campo de control de longitud fija |
260324t1992 xxu||||| |||| 00| 0 spa d |
| 020 ## - NÚMERO INTERNACIONAL NORMALIZADO PARA LIBROS (ISBN) |
| Número Internacional Normalizado para Libros (ISBN) |
8433815776 |
| 040 ## - FUENTE DE LA CATALOGACIÓN |
| Centro catalogador de origen |
Unicoc |
| Lengua de catalogación |
spa |
| Centro que cataloga |
Bogotá (Dr. David Ordóñez Rueda) - Campus Norte |
| Centro modificador |
Bogotá (Dr. David Ordóñez Rueda) - Campus Norte |
| 082 ## - NÚMERO DE LA CLASIFICACIÓN DECIMAL DEWEY |
| Número de clasificación |
150.1943 |
| 100 ## - PUNTO DE ACCESO PRINCIPAL - NOMBRE DE PERSONA |
| 9 (RLIN) |
12375 |
| Nombre de persona |
Roales, Jesús Gil |
| 245 ## - MENCIÓN DE TÍTULO |
| Título |
Vigencia de la obra de Skinner |
| 250 ## - MENCIÓN DE EDICIÓN |
| Mención de edición |
1 Ed. |
| 260 ## - PUBLICATION, DISTRIBUTION, ETC. (IMPRINT) |
| Lugar de publicación distribución etc. |
España : |
| Nombre del editor distribuidor etc. |
Universidad de Granada , |
| Fecha de publicación distribución etc. |
1992 |
| 300 ## - DESCRIPCIÓN FÍSICA |
| Extensión |
373 páginas |
| 500 ## - NOTA GENERAL |
| Nota general |
Incluye Referencias Bibliográficas de las publicaciones de Skinner. -- Incluye Nota Bibliográfica sobre Burrhus Frederic Skinner. |
| 505 ## - NOTA DE CONTENIDO CON FORMATO |
| Título |
Dimensión teórica de la obra de Skinner. -- |
| -- |
Conductismo radical versus conductismo metodológico. -- Caja negra, cámara oscura y caja de Skinner. -- Skinner y la psicología: lo que hizo, lo que no hizo y lo q nos corresponde hacer. -- La analogía evolucionista en el pensamiento de B.F. Skinner. -- Olvido, memoria y Skinner. -- Control y contracontrol de B.F. Skinner. -- Implicaciones actuales de algunos fenómenos que nunca fueron "tabú" para Skinner. -- |
| -- |
Dimensión aplicada de la obra de Skinner. -- |
| -- |
Skinner y el surgimiento de la modificación de la conducta. -- Skinner: bases para una nueva evaluación psicológica. -- Skinner y la psicopatología. Aportes críticos. -- Repercusiones de la obra de Skinner a la psicopatología y la medicina conductual. -- Aportaciones de Skinner a la intervención psicológica en la vejez. -- Aplicaciones de la obra de Skinner de algunos problemas del mundo hoy. -- |
| -- |
Dimensiones social y utópica en la obra de Skinner. -- |
| -- |
Skinner del rigorismo metodológico a la eclosión imaginativa. -- Skinner y la utopía social. -- Walden dos y Walden tres: utopías psicológicas y planeación del futuro. -- Dime quien te ataca y te diré quien eres. -- |
| -- |
Implicaciones clínicas de algunos conceptos del conductismo radical de Skinner. |
| 526 ## - NOTA DE INFORMACIÓN SOBRE EL PROGRAMA DE ESTUDIO |
| Institución que aplica el campo |
Unicoc |
| 546 ## - NOTA DE LENGUA |
| Nota de lengua |
Español |
| 650 #0 - PUNTO DE ACCESO ADICIONAL DE MATERIA - TÉRMINO DE MATERIA |
| 9 (RLIN) |
7815 |
| Término de materia o nombre geográfico como elemento inicial |
Conductismo (Psicología) |
| 650 #0 - PUNTO DE ACCESO ADICIONAL DE MATERIA - TÉRMINO DE MATERIA |
| 9 (RLIN) |
453 |
| Término de materia o nombre geográfico como elemento inicial |
Psicología |
| Subdivisión de forma |
Crítica e interpretación |
| 650 #0 - PUNTO DE ACCESO ADICIONAL DE MATERIA - TÉRMINO DE MATERIA |
| 9 (RLIN) |
9335 |
| Término de materia o nombre geográfico como elemento inicial |
Conducta (Psicología) |
| 650 #0 - PUNTO DE ACCESO ADICIONAL DE MATERIA - TÉRMINO DE MATERIA |
| 9 (RLIN) |
7800 |
| Término de materia o nombre geográfico como elemento inicial |
Psicología clínica |
| 658 #0 - TÉRMINO DE INDIZACIÓN - OBJETIVO CURRICULAR |
| 9 (RLIN) |
10741 |
| Programa Académico |
Programa de Psicología |
| 700 ## - PUNTO DE ACCESO ADICIONAL - NOMBRE DE PERSONA |
| 9 (RLIN) |
12763 |
| Nombre de persona |
Luciano Soriano, María del Carmen |
| 700 ## - PUNTO DE ACCESO ADICIONAL - NOMBRE DE PERSONA |
| 9 (RLIN) |
12764 |
| Nombre de persona |
Pérez Álvarez, Marino |
| 856 ## - LOCALIZACIÓN Y ACCESO ELECTRÓNICOS |
| Identificador Uniforme del Recurso (URI) |
https://unicoceduco-my.sharepoint.com/:b:/g/personal/direccionbiblioteca_unicoc_edu_co/IQDGQfXZKn_LRokGAz9RhO9sAU2d5doyWadMdkFgPVSj3Dw |
| Texto del enlace |
Acceso online exclusivo para comunidad Unicoc. |
| 942 ## - ENTRADA PARA ELEMENTOS AGREGADOS (KOHA) |
| Fuente de clasificación o esquema de ordenación en estanterías |
|
| Koha [por defecto] tipo de item |
Libro electrónico |